Obálka
Pro půjčování e-knih musíte být přihlášeni.
Jak si půjčit online?

V kopřivách /

Uloženo v:
Hlavní autor: Březina, Jiří, 1980- (Autor)
Další autoři: Stryková, Jana, 1979- (Autor)
Médium: E-audiokniha
Jazyk:Czech
Vydáno: Praha : Voxi, 2026
Témata:
Tagy:
Žádné tagy
LEADER 05207nim a2201333 i 4500
001 313533
003 CZ PrSKC
005 20260601215744.0
007 sd fungnnmmned
008 260415s2026 xr nnnng f n cze
015 |a cnb003751134 
020 |a 9788074486487 :  |c Kč 399,00 
040 |a ABA001  |b cze  |e rda 
072 7 |a 821.162.3-3  |x Česká próza  |2 Konspekt 
080 |a 821.162.3-31  |2 MRF 
080 |a (0:82-312.4)  |2 MRF 
080 |a (086.7)08  |2 MRF 
080 |a (086.76)  |2 MRF 
100 1 |a Březina, Jiří,  |d 1980-  |7 xx0114321  |4 aut 
245 1 0 |a V kopřivách /  |c Jiří Březina 
264 1 |a Praha :  |b Voxi,  |c 2026 
300 |a 1 audiodisk (8 hod., 39 min.) ;  |c 12 cm 
306 |a 083900 
336 |a mluvené slovo  |b spw  |2 rdacontent 
337 |a audio  |b s  |2 rdamedia 
338 |a audiodisk  |b sd  |2 rdacarrier 
344 |a digital  |2 rdatr 
344 |b optical  |2 rdarm 
347 |a audio soubor  |2 rdaft 
347 |b MP3 
500 |a Název z disku 
500 |a Vydalo nakladatelství VOXI ve společnosti Albatros Media a.s. 
500 |a Podle stejnojmenné knihy vydané nakladatelstvím Motto v roce 2025 
500 |a Nezkrácená audiokniha ve formátu MP3 
511 0 |a Čte Jana Stryková 
655 7 |a české romány  |7 fd133974  |2 czenas 
655 7 |a detektivní romány  |7 fd132010  |2 czenas 
655 7 |a audioknihy  |7 fd119452  |2 czenas 
655 7 |a kompaktní disky  |7 fd201991  |2 czenas 
655 9 |a Czech fiction  |2 eczenas 
655 9 |a detective novels  |2 eczenas 
655 9 |a audiobooks  |2 eczenas 
655 9 |a compact discs  |2 eczenas 
700 1 |a Stryková, Jana,  |d 1979-  |7 xx0119794  |4 stl 
710 2 |a Voxi (nakladatelství)  |7 xx0342088  |4 pbl 
900 |a ABA001  |b 19 
044 |a xr 
505 0 0 |t 01_Kapitola 1 (15 min., 9 sek.) 
505 0 0 |t 02_Kapitola 2 (8 min., 37 sek.) 
505 0 0 |t 03_Kapitola 3 (12 min., 39 sek.) 
505 0 0 |t 04_Kapitola 4 (12 min., 4 sek.) 
505 0 0 |t 05_Kapitola 5 (17 min., 8 sek.) 
505 0 0 |t 06_Kapitola 6 (8 min., 56 sek.) 
505 0 0 |t 07_Kapitola 7 (12 min., 24 sek.) 
505 0 0 |t 08_Kapitola 8 (7 min., 18 sek.) 
505 0 0 |t 09_Kapitola 9 (10 min., 27 sek.) 
505 0 0 |t 10_Kapitola 10 (8 min., 30 sek.) 
505 0 0 |t 11_Kapitola 11 (6 min., 56 sek.) 
505 0 0 |t 12_Kapitola 12 (16 min., 5 sek.) 
505 0 0 |t 13_Kapitola 13 (5 min., 31 sek.) 
505 0 0 |t 14_Kapitola 14 (6 min., 27 sek.) 
505 0 0 |t 15_Kapitola 15 (7 min., 16 sek.) 
505 0 0 |t 16_Kapitola 16 (5 min., 54 sek.) 
505 0 0 |t 17_Kapitola 17 (6 min., 9 sek.) 
505 0 0 |t 18_Kapitola 18 (10 min., 13 sek.) 
505 0 0 |t 19_Kapitola 19 (17 min., 27 sek.) 
505 0 0 |t 20_Kapitola 20 (6 min., 8 sek.) 
505 0 0 |t 21_Kapitola 21 (7 min., 47 sek.) 
505 0 0 |t 22_Kapitola 22 (9 min., 7 sek.) 
505 0 0 |t 23_Kapitola 23 (6 min., 22 sek.) 
505 0 0 |t 24_Kapitola 24 (11 min., 15 sek.) 
505 0 0 |t 25_Kapitola 25 (6 min., 42 sek.) 
505 0 0 |t 26_Kapitola 26 (10 min., 16 sek.) 
505 0 0 |t 27_Kapitola 27 (5 min., 1 sek.) 
505 0 0 |t 28_Kapitola 28 (15 min., 30 sek.) 
505 0 0 |t 29_Kapitola 29 (4 min., 26 sek.) 
505 0 0 |t 30_Kapitola 30 (3 min., 13 sek.) 
505 0 0 |t 31_Kapitola 31 (3 min., 56 sek.) 
505 0 0 |t 32_Kapitola 32 (10 min., 43 sek.) 
505 0 0 |t 33_Kapitola 33 (6 min., 25 sek.) 
505 0 0 |t 34_Kapitola 34 (5 min., 55 sek.) 
505 0 0 |t 35_Kapitola 35 (3 min., 53 sek.) 
505 0 0 |t 36_Kapitola 36 (7 min., 14 sek.) 
505 0 0 |t 37_Kapitola 37 (19 min., 5 sek.) 
505 0 0 |t 38_Kapitola 38 (4 min., 34 sek.) 
505 0 0 |t 39_Kapitola 39 (8 min., 58 sek.) 
505 0 0 |t 40_Kapitola 40 (2 min., 48 sek.) 
505 0 0 |t 41_Kapitola 41 (6 min., 4 sek.) 
505 0 0 |t 42_Kapitola 42 (7 min., 13 sek.) 
505 0 0 |t 43_Kapitola 43 (12 min., 8 sek.) 
505 0 0 |t 44_Kapitola 44 (5 min., 45 sek.) 
505 0 0 |t 45_Kapitola 45 (6 min., 35 sek.) 
505 0 0 |t 46_Kapitola 46 (5 min., 4 sek.) 
505 0 0 |t 47_Kapitola 47 (5 min., 27 sek.) 
505 0 0 |t 48_Kapitola 48 (6 min., 28 sek.) 
505 0 0 |t 49_Kapitola 49 (5 min., 1 sek.) 
505 0 0 |t 50_Kapitola 50 (12 min., 47 sek.) 
505 0 0 |t 51_Kapitola 51 (3 min., 28 sek.) 
505 0 0 |t 52_Kapitola 52 (16 min., 52 sek.) 
505 0 0 |t 53_Kapitola 53 (4 min., 5 sek.) 
505 0 0 |t 54_Kapitola 54 (3 min., 53 sek.) 
505 0 0 |t 55_Kapitola 55 (6 min., 33 sek.) 
505 0 0 |t 56_Kapitola 56 (11 min., 53 sek.) 
505 0 0 |t 57_Kapitola 57 (3 min., 50 sek.) 
505 0 0 |t 58_Kapitola 58 (6 min., 55 sek.) 
505 0 0 |t 59_Kapitola 59 (4 min., 8 sek.) 
505 0 0 |t 60_Kapitola 60 (7 min., 37 sek.) 
505 0 0 |t 61_Kapitola 61 (4 min., 58 sek.) 
505 0 0 |t 62_Kapitola 62 (3 min., 49 sek.) 
505 0 0 |t 63_Kapitola 63 (8 min., 48 sek.) 
505 0 0 |t 64_Kapitola 64 (4 min., 51 sek.) 
910 |a RBIT002 
998 |d 424665  |a https://core.palmknihy.cz/api/books/424665/cover?t91lbr  |b https://core.palmknihy.cz/api/books/424665/cover/400?t91lbr  |c https://core.palmknihy.cz/api/books/424665/cover/50?t91lbr  |e 2035-12-31  |i 9788074486487  |l 31140  |q 49  |r 1  |s https://www.palmknihy.cz/kniha/424665  |t audiobook  |y 2026  |z 0 
999 |d 313531